[Event "Superliga w Szachach Szybkich"]
[Site "Wroclaw, Katowice, Krakow, Poznan"]
[Date "2023-10-17"]
[Round "1.1"]
[White "Tomczak, Jacek"]
[Black "Brodowski, Piotr"]
[Result "0-1"]
[WhiteTitle "GM"]
[BlackTitle "IM"]
[WhiteElo "2549"]
[BlackElo "2367"]

1. e4 2. c5 3. Nf3 4. Nc6 5. d4 6. cxd4 7. Nxd4 8. Nf6 9. Nc3 10. d6 11. Bg5 12.
e6 13. Qd3 14. Be7 15. O-O-O 16. O-O 17. f4 18. Qb6 19. Nxc6 20. bxc6 21. e5 22.
dxe5 23. fxe5 24. Rd8 25. Qf3 26. Rxd1+ 27. Nxd1 28. Nd5 29. Bxe7 30. Nxe7 31.
Bd3 32. Ba6 33. Rf1 34. Rf8 35. Nf2 36. Qa5 37. Kb1 38. Nd5 39. Bxa6 40. Qxa6
41. Ne4 42. Ne3 43. Re1 44. Nc4 45. Qc3 46. Rd8 47. b3 48. Na3+ 49. Kb2 50. Nb5
51. Qc5 52. Qa5 53. Rf1 54. Qc7 55. c4 56. Nd4 57. g4 58. h6 59. Rf2 60. Qb6 61.
Rd2 62. Qxc5 63. Nxc5 64. f6 65. exf6 66. gxf6 67. Kc3 e5 68. b4 69. Kf7 70. a4
71. Ke7 72. b5 73. Rc8 74. Kb4 75. cxb5 76. axb5 77. a5+ 78. bxa6 79. Nc6+ 80.
Kc3 81. Nd4 82. Nb3 83. Nc6 84. Ra2 85. Kd6 86. c5+ 87. Kc7 88. Rf2 89. Rf8 90.
Kc4 91. h5 92. gxh5 93. f5 94. Nd2 95. f4 96. Ne4 97. Rh8 98. Rg2 99. Rxh5 100.
Rg7+ 101. Kb8 102. Nd6 103. f3 104. Rb7+ 105. Ka8 106. Nc8 107. Na5+ 108. Kd5
109. Nxb7 110. axb7+ 111. Kxb7 112. Nd6+ 113. Kc7 114. Ne4 115. Rxh2 116. Kxe5
117. f2 118. Nd2 119. Rh1 120. Ke4 121. f1=Q 0-1

[Event "Superliga w Szachach Szybkich"]
[Site "Wroclaw, Katowice, Krakow, Poznan"]
[Date "2023-10-17"]
[Round "1.2"]
[White "Licznerski, Lukasz"]
[Black "Warakomski, Tomasz"]
[Result "0-1"]
[WhiteTitle "IM"]
[BlackTitle "GM"]
[WhiteElo "2423"]
[BlackElo "2461"]

1. e4 2. c5 3. Nf3 4. d6 5. Bb5+ 6. Nd7 7. c3 8. Nf6 9. Qe2 10. a6 11. Ba4 12.
b5 13. Bc2 14. c4 15. b3 16. cxb3 17. axb3 18. Bb7 19. O-O 20. e5 21. d4 22. Be7
23. d5 24. O-O 25. Bd2 26. Qc7 27. Na3 28. Rfc8 29. c4 30. Qb6 31. b4 32. Ne8
33. Bd3 34. f5 35. exf5 36. Nef6 37. Ng5 38. bxc4 39. Nxc4 40. Qd4 41. Ne6 42.
Qxd5 43. Ne3 44. Qc6 45. Rfc1 46. Qb6 47. Nc4 48. Qc6 49. f3 50. e4 51. fxe4 52.
Nxe4 53. Na5 54. Qb6+ 55. Be3 56. Rxc1+ 57. Rxc1 58. Qxb4 59. Nxb7 60. Nc3 61.
Qe1 62. Bf6 63. Bd2 64. Rc8 65. Nf4 66. Ne5 67. Bxc3 68. Qxf4 69. Bf1 70. Bh4
71. Qd2 72. Bf2+ 73. Kh1 74. Be3 75. Qd5+ 76. Kh8 77. Nxd6 78. Bxc1 79. Bxa6 80.
Bb2 81. Be1 82. Rf8 83. g3 84. Qc1 85. Qd2 86. Qc6+ 0-1

[Event "Superliga w Szachach Szybkich"]
[Site "Wroclaw, Katowice, Krakow, Poznan"]
[Date "2023-10-17"]
[Round "1.3"]
[White "Klekowski, Maciej"]
[Black "Klimkowski, Jan"]
[Result "0-1"]
[WhiteTitle "GM"]
[BlackTitle "IM"]
[WhiteElo "2405"]
[BlackElo "2368"]

1. c4 2. c5 3. Nc3 4. Nf6 5. g3 6. d5 7. cxd5 8. Nxd5 9. Bg2 10. Nc7 11. d3 12.
Nc6 13. Bxc6+ 14. bxc6 15. Qa4 16. e5 17. Nf3 18. f6 19. b3 20. Be7 21. Ba3 22.
O-O 23. Rc1 24. Bh3 25. Rg1 26. Ne6 27. Ne4 28. Nd4 29. Bxc5 30. Nxf3+ 31. exf3
32. f5 33. Bxe7 34. Qxe7 35. Nc5 36. e4 37. Qc4+ 38. Kh8 39. Qe6 40. Qc7 41. Qc4
42. exf3 43. Kd2 44. f4 45. g4 46. Qe7 47. Kc3 48. Qh4 49. Rc2 50. Rae8 51. Ne4
52. Bxg4 53. Kb2 54. Bf5 55. Ng5 56. Bg6 57. Qxc6 58. Qxh2 59. Nxf3 60. Qh3 61.
Ng5 62. Qf5 63. Ne4 64. Qe5+ 65. Qc3 66. Bxe4 67. Qxe5 68. Rxe5 69. Re2 70. Rfe8
71. Rge1 72. g5 73. f3 74. Rd8 75. dxe4 76. Rd3 77. Rf2 78. h5 79. Rh1 80. h4
81. Rc1 82. Re7 83. Rc5 84. Rg7 85. Kc2 86. Re3 87. a4 88. h3 89. Rc3 90. Rxc3+
91. Kxc3 92. Rh7 93. Rh2 94. Kg7 95. b4 96. Kg6 97. Kd4 98. g4 99. fxg4 100. Kg5
101. b5 102. Kxg4 103. a5 104. Kg3 105. Rh1 106. f3 107. b6 108. axb6 109. axb6
110. f2 111. Rb1 112. h2 113. Ke3 114. h1=Q 115. Kd4 0-1

[Event "Superliga w Szachach Szybkich"]
[Site "Wroclaw, Katowice, Krakow, Poznan"]
[Date "2023-10-17"]
[Round "1.4"]
[White "Kulon, Klaudia"]
[Black "Antolak, Julia"]
[Result "0-1"]
[WhiteTitle "IM"]
[BlackTitle "WGM"]
[WhiteElo "2271"]
[BlackElo "2192"]

1. Nf3 2. Nf6 3. b3 4. g6 5. Bb2 6. Bg7 7. g3 8. O-O 9. Bg2 10. d6 11. d4 12. c6
13. O-O 14. Qa5 15. h3 16. Qh5 17. g4 18. Qa5 19. c4 20. Qc7 21. Nc3 22. Nbd7
23. d5 24. Nb6 25. Rc1 26. Ne4 27. dxc6 28. bxc6 29. Nd4 30. Nxc3 31. Bxc3 32.
Bb7 33. e4 34. Qd7 35. Ne2 36. Bxc3 37. Rxc3 38. c5 39. f4 40. a5 41. a4 42. Rad8
43. f5 44. Qc7 45. f6 46. exf6 47. Rd3 48. Qe7 49. Nc3 50. Bc6 51. Qd2 52. Nd7
53. Rxd6 54. Ne5 55. Rd1 56. Rxd6 57. Qxd6 58. Qxd6 59. Rxd6 60. Kg7 61. Nb5 62.
Ra8 63. Kf2 64. Kf8 65. Ke3 66. Ke7 67. Rd1 68. Rd8 69. Rxd8 70. Kxd8 71. Nc3
72. Ke7 73. Bf1 74. g5 75. Be2 76. Ng6 77. Bf1 78. Nf4 79. Nd5+ 80. Bxd5 81. exd5
82. h5 83. Ke4 84. hxg4 85. hxg4 86. Ng6 87. Be2 88. Ne5 89. Kf5 90. Nd7 91. Bd1
92. Kd6 93. Bc2 94. Ke7 95. Ke4 96. Kd6 97. Bd1 98. Ke7 99. b4 100. cxb4 101.
Kd4 102. Kd6 103. c5+ 104. Nxc5 105. Kc4 106. b3 107. Kb5 108. b2 109. Bc2 110.
Nb3 111. Kc4 112. Nd2+ 113. Kb5 114. b1=Q+ 115. Bxb1 Nxb1 116. Kxa5 117. Nc3 118.
Kb4 119. Nxa4 120. Kxa4 121. Kxd5 122. Kb5 123. Ke5 0-1

[Event "Superliga w Szachach Szybkich"]
[Site "Wroclaw, Katowice, Krakow, Poznan"]
[Date "2023-10-17"]
[Round "1.5"]
[White "Wojtaszek, Radoslaw"]
[Black "Shevchenko, Kirill"]
[Result "0-1"]
[WhiteTitle "GM"]
[BlackTitle "GM"]
[WhiteElo "2648"]
[BlackElo "2613"]

1. Nf3 2. Nf6 3. c4 4. g6 5. Nc3 6. Bg7 7. g3 8. O-O 9. Bg2 10. d6 11. d4 12. Nbd7
13. O-O 14. e5 15. e4 16. exd4 17. Nxd4 18. Nc5 19. h3 20. Re8 21. Re1 22. h6
23. b4 24. Ne6 25. Nb3 26. Ng5 27. Bxg5 28. hxg5 29. Qd2 30. Nd7 31. Rac1 32.
Ne5 33. Qe2 34. c6 35. f4 36. gxf4 37. gxf4 38. Nd7 39. Qf2 40. Nf6 41. Rcd1 42.
Qc7 43. c5 44. dxc5 45. e5 46. Nh5 47. Nxc5 48. Bf5 49. N3e4 50. Bxe4 51. Nxe4
52. Qb6 53. Nd6 54. Re7 55. Rd4 56. Rd8 57. Red1 58. Nxf4 59. Rxf4 60. Bxe5 61.
Qxb6 62. axb6 63. Re4 64. Rxd6 65. Rxd6 66. Bxd6 67. Rxe7 68. Bxe7 69. b5 70.
c5 71. Bd5 72. Kg7 73. Kg2 74. f5 75. Kf3 76. Kf6 77. h4 78. Bd6 79. a4 80. Bh2
81. Bxb7 82. c4 83. Bd5 84. c3 85. Bb3 86. Ke5 87. Bc2 88. Bg1 89. Kg2 90. Bc5
91. Kf3 92. Be7 93. Kg3 94. Kd4 95. a5 96. bxa5 97. b6 98. Ke3 99. b7 100. Bd6+
0-1

[Event "Superliga w Szachach Szybkich"]
[Site "Wroclaw, Katowice, Krakow, Poznan"]
[Date "2023-10-17"]
[Round "1.6"]
[White "Areshchenko, Alexander"]
[Black "Kollars, Dmitrij"]
[Result "0-1"]
[WhiteTitle "GM"]
[BlackTitle "GM"]
[WhiteElo "2558"]
[BlackElo "2560"]

1. e4 2. e5 3. Nf3 4. Nc6 5. Bb5 6. a6 7. Ba4 8. Nf6 9. O-O 10. Be7 11. Re1 12.
b5 13. Bb3 14. d6 15. c3 16. O-O 17. h3 18. Bb7 19. d4 20. Re8 21. a3 22. Bf8
23. Ba2 24. h6 25. d5 26. Ne7 27. b3 28. c6 29. c4 30. Qc7 31. Bd2 32. Ng6 33.
Nc3 34. bxc4 35. bxc4 36. Nd7 37. dxc6 38. Bxc6 39. Nd5 40. Qa7 41. Be3 42. Nc5
43. Bb1 44. a5 45. Bc2 46. Reb8 47. Nd2 48. a4 49. Nb4 50. Be8 51. Nb1 52. Nf4
53. Nc3 54. Nfe6 55. Ncd5 56. Be7 57. Nxe7+ 58. Qxe7 59. Qd2 60. Rd8 61. Rad1
62. Qb7 63. Qe2 64. Bc6 65. Nd5 66. Rab8 67. Qg4 68. Kf8 69. Rb1 70. Qa7 71. Rb4
72. Nd4 73. Qd1 74. Bxd5 75. exd5 76. Rb7 77. Bxd4 78. exd4 79. Qxd4 80. Re7 81.
Rbb1 82. Rde8 83. Qd2 84. Re5 85. Rxe5 86. Rxe5 87. Kf1 88. g5 89. Bd1 90. Qe7
91. Bf3 92. Qf6 93. Kg1 94. Nb3 95. Qb4 96. Nc5 97. Qb8+ 98. Kg7 99. Qc8 100.
Nb3 101. Rd1 102. Nd2 103. Qg4 104. Nb3 105. h4 106. Rf5 107. hxg5 108. hxg5 109.
Qe4 110. Rf4 111. Qe3 112. Rxc4 113. Be2 114. Rc3 115. Qe8 116. Rc2 117. Qe4 118.
Ra2 119. Bf3 120. Rxa3 121. Qb4 122. Ra1 123. Rxa1 124. Qxa1+ 125. Kh2 Qe5+ 126.
g3 127. Nc5 128. Kg2 129. Qf5 130. Qd4+ 131. Qf6 132. Qb4 133. Qe5 134. Qa5 135.
Qd4 136. Qd8 137. Ne4 138. Bxe4 139. Qxe4+ 140. f3 141. Qxd5 142. Qc7 143. Qd2+
144. Kh3 145. a3 146. Qc4 147. a2 148. Qa4 149. Qb2 150. Qa5 151. Kg6 152. f4
153. gxf4 154. gxf4 155. f5 156. Qd8 157. a1=Q 158. Qe8+ 159. Kf6 160. Qf8+ 161.
Ke6 162. Qe8+ 163. Kd5 164. Qg8+ 165. Ke4 166. Qe6+ 167. Kf3 168. Qd5+ 169. Ke3
170. Qf3+ 171. Kxf3 0-1

[Event "Superliga w Szachach Szybkich"]
[Site "Wroclaw, Katowice, Krakow, Poznan"]
[Date "2023-10-17"]
[Round "1.7"]
[White "Teclaf, Pawel"]
[Black "Piorun, Kacper"]
[Result "1-0"]
[WhiteTitle "GM"]
[BlackTitle "GM"]
[WhiteElo "2508"]
[BlackElo "2472"]

1. c4 2. e5 3. g3 4. Nf6 5. Bg2 6. c6 7. Nf3 8. e4 9. Nd4 10. d5 11. cxd5 12. Qb6
13. e3 14. cxd5 15. Nc3 16. Nc6 17. Na4 18. Qa6 19. Bf1 20. Qa5 21. Nxc6 22. bxc6
23. b3 24. Be7 25. Bb2 26. O-O 27. Rc1 28. Bd7 29. Be2 30. Rac8 31. Bc3 32. Qc7
33. O-O 34. Bh3 35. Re1 36. Qd7 37. Bf1 38. Rfe8 39. d3 40. Bxf1 41. Rxf1 42.
exd3 43. Bxf6 44. Bxf6 45. Nc5 46. Qd6 47. Qxd3 48. h5 49. Qf5 50. g6 51. Qd7
52. Qb8 53. Rc2 54. Rc7 55. Qh3 56. Qd8 57. Rfc1 58. Qd6 59. Qg2 60. h4 61. Qf3
62. hxg3 63. hxg3 64. Kg7 65. Qg4 66. Rh8 67. b4 68. Be5 69. Nd3 70. Bf6 71. b5
72. Rhc8 73. Qf4 74. Qe6 75. Nc5 76. Qh3 77. Qf3 78. Rh8 79. Nd3 80. c5 81. Nxc5
82. Re7 83. Nd3 84. d4 85. e4 86. Qh2+ 87. Kf1 88. Qh1+ 89. Qxh1 90. Rxh1+ 91.
Kg2 92. Rxc1 93. Rxc1 94. Rxe4 95. Kf3 96. Re7 97. a4 98. Bg5 99. Rc4 100. Rd7
101. Ne5 102. Rd6 103. Rc6 104. Rd5 105. Ke4 106. d3 107. Nxd3 108. Rd7 109. Ne5
110. Rd2 111. f4 112. Bf6 113. Rc7 114. Bxe5 115. fxe5 116. Rg2 117. Rxa7 118.
Rxg3 119. b6 120. Rb3 121. a5 122. Rb4+ 123. Kd3 124. g5 125. e6 126. g4 127.
e7 128. Rb3+ 129. Kd4 130. Rb4+ 131. Kd5 1-0

[Event "Superliga w Szachach Szybkich"]
[Site "Wroclaw, Katowice, Krakow, Poznan"]
[Date "2023-10-17"]
[Round "1.8"]
[White "Jarocka, Liwia"]
[Black "Kashlinskaya, Alina"]
[Result "0-1"]
[WhiteTitle "FM"]
[BlackTitle "IM"]
[WhiteElo "1975"]
[BlackElo "2377"]

1. d4 2. Nf6 3. c4 4. g6 5. Nc3 6. Bg7 7. e4 8. d6 9. h3 10. Nbd7 11. Be3 12. e5
13. d5 14. Nc5 15. Qc2 16. a5 17. g4 18. O-O 19. Nge2 20. c6 21. g5 22. Nh5 23.
O-O-O 24. cxd5 25. Nxd5 26. Ne6 27. Nb6 28. Ra6 29. c5 30. Nxc5 31. Bxc5 32. Rxb6
33. Bxb6 34. Qxb6 35. Nc3 36. Be6 37. Kb1 38. Nf4 39. h4 40. Rc8 41. Qd2 42. Bf8
43. Rg1 44. Qc5 45. Rg3 46. Bd7 47. Rc1 48. Qb4 49. Rd1 50. a4 51. a3 52. Qb6
53. Rc1 54. Bg7 55. Rd1 56. Bf8 57. Rc1 58. Bg7 59. Bd3 60. d5 61. exd5 62. Nxd3
63. Rxd3 64. Bf5 65. Ka1 66. Bxd3 67. Qxd3 68. e4 69. Qxe4 70. Qxf2 71. Qxa4 72.
Qe3 73. Qc2 74. Bxc3 75. bxc3 76. Qc5 77. Qb3 78. Ra8 79. Kb2 80. Qf2+ 81. Rc2
82. Qxh4 83. c4 84. Qxg5 85. c5 86. Qe5+ 87. Ka2 88. Rd8 89. c6 90. bxc6 91. dxc6
92. Rd1 93. Qc3 94. Qe6+ 95. Kb2 96. Qc8 97. Qb3 98. Qc7 99. Qb7 100. Qe5+ 101.
Rc3 102. Rd2+ 103. Kb3 104. Qd5+ 105. Ka4 106. Rd4+ 107. Qb4 108. Rxb4+ 109. axb4
110. Qe5 111. Rc5 Qc7 112. b5 113. Kf8 114. Rd5 115. Ke8 116. Kb4 117. Qb6 118.
Rd7 119. h5 120. Rb7 121. Qd4+ 122. Ka5 123. Kd8 124. Rb8+ 125. Kc7 126. Rb7+
127. Kc8 128. Rxf7 129. Qc5 130. Rh7 131. Qc3+ 132. Kb6 133. Qd4+ 134. Ka6 135.
h4 136. Rd7 137. Qa1+ 138. Kb6 139. h3 140. Rc7+ 141. Kb8 142. Rd7 143. Qg1+ 144.
Ka6 145. h2 146. Rd8+ 147. Kc7 148. Rd7+ 149. Kc8 150. b6 151. Qa1+ 152. Kb5 153.
Qb2+ 154. Ka6 155. Qa3+ 156. Kb5 157. Qb3+ 158. Kc5 159. h1=Q 160. b7+ 161. Qxb7
162. cxb7+ 163. Kb8 164. Rg7 165. Qc1+ 166. Kd5 167. Qf4 168. Rd7 169. Qf5+ 170.
Kc6 171. Qxd7+ 172. Kxd7 173. g5 0-1

[Event "Superliga w Szachach Szybkich"]
[Site "Wroclaw, Katowice, Krakow, Poznan"]
[Date "2023-10-17"]
[Round "1.9"]
[White "Pechac, Jergus"]
[Black "Harikrishna, Pentala"]
[Result "0-1"]
[WhiteTitle "GM"]
[BlackTitle "GM"]
[WhiteElo "2548"]
[BlackElo "2630"]

1. c4 2. e5 3. e3 4. Nf6 5. Nc3 6. Nc6 7. Qb3 8. g6 9. d3 10. Bg7 11. g3 12. b6
13. Bg2 14. Bb7 15. Qd1 16. O-O 17. Nge2 18. a6 19. O-O 20. b5 21. cxb5 22. axb5
23. Nxb5 24. Ba6 25. Nbc3 26. d5 27. a3 28. e4 29. dxe4 30. dxe4 31. b4 32. Bd3
33. Ra2 34. Ne5 35. Re1 36. c5 37. bxc5 38. Qa5 39. Bd2 40. Qxc5 41. Nd4 42. Rxa3
43. Rxa3 44. Qxa3 45. Qa1 46. Ra8 47. Qxa3 48. Rxa3 49. Rc1 50. h5 51. h3 52.
Ra8 53. Be1 54. Rb8 55. Ra1 56. Bf8 57. Ra5 58. Nc4 59. Ra6 60. Bg7 61. Ra4 62.
Rc8 63. Kh2 64. Bf8 65. Ra6 66. Kg7 67. Ra7 68. Kg8 69. Ra6 70. Bd6 71. Ncb5 72.
Be7 73. Nc6 74. Bf8 75. Nca7 76. Rb8 77. Rxf6 78. Ne5 79. Nc3 80. Rb2 81. Bxe4
82. Be7 83. Rf4 84. Bg5 85. Bxd3 86. Nxd3 87. Ra4 88. Nxe1 89. Ne4 90. Bxe3 91.
Kg1 92. Nf3+ 93. Kg2 94. Ng5 95. Nxg5 96. Rxf2+ 97. Kh1 98. Bxg5 99. Nc6 100.
Bf6 101. Re4 102. Kg7 103. Ne5 104. Rf5 105. Nd3 106. Rf3 107. Ne1 108. Rxg3 109.
Kh2 110. Ra3 111. Ng2 112. g5 113. Ne3 114. Kg6 115. Nd5 116. Ra5 117. Nb4 118.
Ra4 119. Rc4 120. Kg7 0-1

[Event "Superliga w Szachach Szybkich"]
[Site "Wroclaw, Katowice, Krakow, Poznan"]
[Date "2023-10-17"]
[Round "1.10"]
[White "Bartel, Mateusz"]
[Black "Leniart, Arkadiusz"]
[Result "1-0"]
[WhiteTitle "GM"]
[BlackTitle "GM"]
[WhiteElo "2520"]
[BlackElo "2418"]

1. c4 2. e6 3. Nf3 4. d5 5. e3 6. Nf6 7. b3 8. Be7 9. Bb2 10. O-O 11. Nc3 12. c5
13. cxd5 14. Nxd5 15. Qc2 16. Nxc3 17. dxc3 18. Nc6 19. h4 20. h6 21. g4 22. e5
23. g5 24. Bg4 25. Qe4 26. Bxf3 27. Qxf3 28. hxg5 29. Rd1 30. g4 31. Qxg4 32.
Qc8 33. Qe4 34. Qe6 35. Bc4 36. Qh6 37. Rd7 38. Rad8 39. Rxb7 40. Qd6 41. Kf1
42. Na5 43. Rxa7 44. Nxc4 45. bxc4 46. Bf6 47. Kg2 48. Qd2 49. Rb7 50. Rb8 51.
Ba3 52. Rxb7 53. Qxb7 54. Qxc3 55. Bxc5 56. Rd8 57. Qe4 58. Rc8 59. Rb1 60. g6
61. Rb5 62. Qd2 63. h5 64. gxh5 65. Qf5 66. Qd8 67. Bb6 68. Qe8 69. Qxf6 70. Rc6
71. Rxe5 72. Qa8 73. Rg5+ 74. Kf8 75. Qh8+ 1-0

[Event "Superliga w Szachach Szybkich"]
[Site "Wroclaw, Katowice, Krakow, Poznan"]
[Date "2023-10-17"]
[Round "1.11"]
[White "Zwardon, Vojtech"]
[Black "Gumularz, Szymon"]
[Result "0-1"]
[WhiteTitle "IM"]
[BlackTitle "GM"]
[WhiteElo "2424"]
[BlackElo "2553"]

1. c4 2. Nf6 3. Nc3 4. e6 5. e4 6. d5 7. e5 8. Ne4 9. Nf3 10. Be7 11. cxd5 12.
exd5 13. Nxe4 14. dxe4 15. Qa4+ 16. Nc6 17. Qxe4 18. Be6 19. Bc4 20. Qd7 21. Bxe6
22. Qxe6 23. O-O 24. O-O-O 25. Qe3 26. Rd5 27. d4 28. Rhd8 29. Bd2 30. g5 31.
Bc3 32. g4 33. Nd2 34. Nxd4 35. Bxd4 36. Rxd4 37. Nb3 38. Ra4 39. a3 40. Qb6 41.
Qc3 42. Re4 43. Rad1 44. Qb5 45. Rxd8+ 46. Bxd8 47. Rd1 48. Qe2 49. Rc1 50. Rxe5
51. h3 52. h5 53. hxg4 hxg4 54. Nd4 55. Qe4 56. b4 57. Rd5 58. Nb3 59. Rh5 60.
Qg3 61. Qh7 62. Qxg4+ 63. f5 0-1

[Event "Superliga w Szachach Szybkich"]
[Site "Wroclaw, Katowice, Krakow, Poznan"]
[Date "2023-10-17"]
[Round "1.12"]
[White "Zawadzka, Jolanta"]
[Black "Leks, Maria"]
[Result "1-0"]
[WhiteTitle "WGM"]
[BlackTitle "WFM"]
[WhiteElo "2258"]
[BlackElo "1998"]

1. e4 2. e5 3. Nf3 4. Nc6 5. Bc4 6. Nf6 7. d3 8. Be7 9. O-O 10. d6 11. a3 12. O-O
13. Nc3 14. Nd7 15. Nd5 16. Nb6 17. Ba2 18. Kh8 19. Ne3 20. Be6 21. c3 22. d5
23. Qe2 24. d4 25. Nf5 26. Bxf5 27. exf5 28. Bf6 29. Nd2 30. Ne7 31. g4 32. Ned5
33. Ne4 34. dxc3 35. bxc3 36. Nf4 37. Bxf4 38. exf4 39. Qf3 40. Na4 41. d4 42.
c5 43. Bb3 44. Nxc3 45. Nxc3 46. Bxd4 47. Rac1 48. Qa5 49. a4 50. a6 51. Ne2 52.
Bb2 53. Rc2 54. Be5 55. Qxb7 56. Rab8 57. Qd5 58. Qb4 59. Qxe5 60. Qxb3 61. Rc3
62. Qxa4 63. f6 64. g6 65. Qxf4 66. Rb4 67. Qh6 68. Rxg4+ 69. Ng3 70. Rg8 71.
Rxc5 72. Rh4 73. Qg5 74. Rg4 75. Qd5 76. Rf8 77. Qxf7 78. Rg8 79. Rc8 1-0

[Event "Superliga w Szachach Szybkich"]
[Site "Wroclaw, Katowice, Krakow, Poznan"]
[Date "2023-10-17"]
[Round "1.13"]
[White "Moranda, Wojciech"]
[Black "Psyk, Radoslaw"]
[Result "1-0"]
[WhiteTitle "GM"]
[BlackTitle "k++"]
[WhiteElo "2562"]
[BlackElo "2327"]

1. e4 2. Nf6 3. e5 4. Nd5 5. d4 6. d6 7. c4 8. Nb6 9. exd6 10. exd6 11. Nc3 12.
Be7 13. Be3 14. O-O 15. Nf3 16. Bf5 17. h3 18. d5 19. c5 20. Nc4 21. Bxc4 22.
dxc4 23. Ne5 24. Nc6 25. Nxc6 26. bxc6 27. Qa4 28. Bg5 29. Qxc4 30. Bxe3 31. fxe3
32. Qh4+ 33. Kd2 34. Rfe8 35. Rae1 36. Re7 37. Rhf1 38. Bg6 39. Rf4 40. Qg5 41.
Qf1 42. Rd8 43. Kc1 44. Rde8 45. Qf3 46. Re6 47. h4 48. Qe7 49. Kd2 50. h5 51.
b3 52. Rd8 53. Kc1 54. Re8 55. e4 56. Rd8 57. e5 58. Rd7 59. Kb2 60. Qd8 61. Qe3
62. a5 63. Re2 64. Qb8 65. Rd2 66. Re8 67. g4 68. Re6 69. Rg2 70. Qd8 71. gxh5
72. Bxh5 73. Rg5 74. Rh6 75. Ne4 76. Kh8 77. Ng3 78. Bg6 79. Rfg4 80. a4 81. h5
82. a3+ 83. Kxa3 84. Bb1 85. Kb2 86. Bh7 87. Rxg7 88. Re6 89. Ne4 90. Rxd4 91.
Rxh7+ 92. Kxh7 93. Ng5+ 1-0

[Event "Superliga w Szachach Szybkich"]
[Site "Wroclaw, Katowice, Krakow, Poznan"]
[Date "2023-10-17"]
[Round "1.14"]
[White "Koziorowicz, Michal"]
[Black "Plat, Vojtech"]
[Result "0-1"]
[WhiteTitle "FM"]
[BlackTitle "GM"]
[WhiteElo "2177"]
[BlackElo "2542"]

1. e4 2. c5 3. Nf3 4. Nc6 5. Bb5 6. g6 7. Bxc6 8. dxc6 9. O-O 10. Bg7 11. Re1 12.
Nf6 13. e5 14. Nd5 15. c4 16. Nc7 17. Nc3 18. Bg4 19. h3 20. Bxf3 21. Qxf3 22.
Ne6 23. d3 24. Qd7 25. Re4 26. O-O 27. Be3 28. f5 29. exf6 30. exf6 31. Rxe6 32.
Qxe6 33. Bxc5 34. Rfe8 35. Rd1 36. f5 37. d4 38. Qxc4 39. b3 40. Qf7 41. Ne2 42.
b6 43. Ba3 44. Qd5 45. Qxd5+ 46. cxd5 47. Nf4 48. Re4 49. Nxd5 50. Rxd4 51. Ne7+
52. Kf7 53. Rc1 54. Rad8 55. Kh2 56. Rd1 57. Rc4 58. Bf8 59. Nc6 60. Bxa3 61.
Nxd8+ 62. Rxd8 63. Rc7+ 64. Kf6 65. Rxa7 66. Bc5 67. Rxh7 68. Bxf2 69. Rc7 70.
Rd3 71. Rc6+ 72. Kg5 0-1

[Event "Superliga w Szachach Szybkich"]
[Site "Wroclaw, Katowice, Krakow, Poznan"]
[Date "2023-10-17"]
[Round "1.15"]
[White "Nasuta, Grzegorz"]
[Black "Dzida, Kamil"]
[Result "1-0"]
[WhiteTitle "GM"]
[BlackTitle "m"]
[WhiteElo "2402"]
[BlackElo "2129"]

1. e4 2. c5 3. Nf3 4. Nc6 5. Bb5 6. g6 7. Bxc6 8. dxc6 9. d3 10. Bg7 11. h3 12.
Nf6 13. Nc3 14. Nd7 15. Be3 16. e5 17. Qd2 18. h6 19. O-O 20. b6 21. Nh2 22. Nf8
23. f4 24. exf4 25. Bxf4 26. Ne6 27. Be3 28. Nd4 29. Rae1 30. Be6 31. e5 32. Nf5
33. Bf2 34. h5 35. Ne4 36. Qd7 37. Nf6+ 38. Bxf6 39. exf6 40. O-O-O 41. Nf3 42.
Rhe8 43. Re2 44. Bd5 45. Ne5 46. Qd6 47. Rfe1 48. Qxf6 49. c4 50. Be6 51. Nxc6
52. Rd7 53. b4 54. Kb7 55. Ne5 56. Nd4 57. Bxd4 58. Rxd4 59. bxc5 60. Bf5 61.
cxb6 62. axb6 63. Qc3 64. Rxd3 65. Qc1 66. Rdd8 67. c5 68. Rd5 69. cxb6 70. Qxb6+
71. Kh1 72. f6 73. Nc4 74. Rxe2 75. Nxb6 76. Rxe1+ 77. Qxe1 78. Kxb6 79. Qe7 80.
Ra5 81. Qxf6+ 82. Kb5 83. Qb2+ 84. Kc6 85. Kh2 86. Ra4 87. Qb3 88. Ra5 89. Qb4
90. Rb5 91. Qc4+ 92. Rc5 93. Qa6+ 94. Kd5 95. Qb7+ 96. Kd4 97. Qb4+ 98. Kd5 99.
a4 100. Rc2 101. a5 102. Be4 103. Kg1 104. Rxg2+ 105. Kf1 106. Rc2 107. a6 108.
Ke5 109. Qa5+ 110. Kf4 111. a7 112. Rc8 113. Ke1 114. Kf3 115. Qd2 1-0

[Event "Superliga w Szachach Szybkich"]
[Site "Wroclaw, Katowice, Krakow, Poznan"]
[Date "2023-10-17"]
[Round "1.16"]
[White "Siekanska, Maria"]
[Black "Maltsevskaya, Aleksandra"]
[Result "0-1"]
[WhiteTitle "k++"]
[BlackTitle "IM"]
[WhiteElo "2006"]
[BlackElo "2348"]

1. d4 2. Nf6 3. c4 4. g6 5. g3 6. c5 7. d5 8. b5 9. Bg2 10. d6 11. e4 12. bxc4
13. Nc3 14. Nbd7 15. Nf3 16. Bg7 17. O-O 18. O-O 19. Re1 20. Ng4 21. Bf4 22. Rb8
23. Qc2 24. Nge5 25. Nxe5 26. Nxe5 27. Bxe5 28. Bxe5 29. Bf1 30. Ba6 31. Rac1
32. Qa5 33. Re2 34. Rb6 35. Qd1 36. Rfb8 37. Rcc2 38. Bc8 39. Kg2 40. Bd7 41.
Red2 42. Bxc3 43. bxc3 44. Ba4 45. Bxc4 46. Bxc2 47. Rxc2 48. Qa4 49. Qe2 50.
Qa3 51. Bb3 52. a5 53. e5 54. a4 55. Bc4 56. Rb2 57. exd6 58. Rxc2 59. Qxc2 60.
exd6 61. h4 62. Qb2 63. Qd3 64. Qc1 65. Bb5 66. a3 67. h5 68. Kg7 69. c4 70. Rb7
71. Qe4 72. Qd2 73. h6+ 74. Qxh6 75. Qc2 76. Re7 77. Qc3+ 78. Kg8 79. Ba4 80.
Re2 81. Qb3 82. Re1 83. Qb8+ 84. Kg7 85. Kf3 86. Qh1+ 87. Kg4 88. h5+ 89. Kf4
90. Re4+ 91. Kg5 92. f6# 0-1

[Event "Superliga w Szachach Szybkich"]
[Site "Wroclaw, Katowice, Krakow, Poznan"]
[Date "2023-10-17"]
[Round "2.1"]
[White "Brodowski, Piotr"]
[Black "Psyk, Radoslaw"]
[Result "0-1"]
[WhiteTitle "IM"]
[BlackTitle "k++"]
[WhiteElo "2367"]
[BlackElo "2327"]

1. Nf3 2. d5 3. c4 4. e6 5. d4 6. h6 7. g3 8. Nf6 9. Bg2 10. Bd6 11. O-O 12. O-O
13. Nc3 14. Nc6 15. c5 16. Be7 17. Bf4 18. g5 19. Bc1 20. Ne4 21. Nxe4 22. dxe4
23. Nd2 24. Qxd4 25. Nxe4 26. Qxd1 27. Rxd1 28. f5 29. Nc3 30. Bxc5 31. Nb5 32.
Bb6 33. Be3 34. Bxe3 35. fxe3 36. Rb8 37. Rac1 38. Kf7 39. b3 40. a6 41. Nxc7
42. Ne5 43. Rd6 44. Ke7 45. Rb6 46. Bd7 47. Rxb7 48. Rxb7 49. Bxb7 50. a5 51.
h3 52. Rb8 53. Ba6 54. Rb6 55. Bc4 56. Kd6 57. Na8 58. Rb8 59. Rd1+ 60. Kc6 61.
a4 62. Nxc4 63. bxc4 64. Rxa8 0-1